Autocad cho mọi người thiết kế ba chiều

محفوظ في:
التفاصيل البيبلوغرافية
التنسيق: كتاب
اللغة:Undetermined
منشور في: H. Thống Kê 2002
الموضوعات:
الوسوم: إضافة وسم
لا توجد وسوم, كن أول من يضع وسما على هذه التسجيلة!
Thư viện lưu trữ: Trung tâm Học liệu Trường Đại học Cần Thơ
LEADER 00522nam a2200169Ia 4500
001 CTU_54496
008 210402s9999 xx 000 0 und d
020 |b 45000 
082 |a 006.68 
082 |b A936 
245 0 |a Autocad cho mọi người thiết kế ba chiều 
245 0 |c Biên dịch VN-Guide 
260 |a H. 
260 |b Thống Kê 
260 |c 2002 
650 |a autocad ( computer programs ),computer graphics ( computer programs ) 
980 |a Trung tâm Học liệu Trường Đại học Cần Thơ